| 000 | 00765cam a22002411 4500 | ||
|---|---|---|---|
| 001 | 000011058 | ||
| 005 | 20200929162341.0 | ||
| 008 | 740610s1967 nyua b 000 0 eng | ||
| 010 | _a67020331 | ||
| 040 |
_aDO-SdBNP _cDLC _dDLC |
||
| 050 | 0 | 0 |
_aR690 _b.L4 |
| 100 | 1 |
_aLee, Russel V. _926530 |
|
| 245 | 1 | 4 |
_aThe physician, / _cby Russel V. Lee, Sarel Eimerl and the editors of Life. |
| 260 |
_aNew York, : _bTime, _c[1967]. |
||
| 300 |
_a200 p. : _billus. (part col.) ; _c28 cm. |
||
| 440 | 0 |
_aLife science library _925802 |
|
| 504 | _aBibliography: p. 196. | ||
| 650 | 0 |
_aMedicine _xVocational guidance. _926531 |
|
| 650 | 0 |
_aMedicine. _926532 |
|
| 700 | 1 |
_aEimerl, Sarel, _ejoint author. _926533 |
|
| 910 | _aCatalogación por copia / LC | ||
| 082 | 0 | 0 | _a610.69/52 |
| 999 |
_c10784 _d10784 |
||